003620000a2200109000450024500990000065000280009965000290012765000290015604100130018510000190019877300350021710aSummary of information and statistics on Florida's marine organisms and the marine environment14aMamíferos acuáticos14aBiología de la especie14aBiología de la especie0 aInglés1 aStewart, V. N.1 tSea Stats3239h13q1-15d1989